Pokemon - Les attaques de Cotovol - Statistiques

Statistiques générales
  • Ce quiz a été pris 19 fois
    11 depuis la dernière actualisation
  • Le résultat moyen est 15 sur 19
Statistiques - réponses
Niveaux Types Noms des attaques % Correct
Niveau 8 Normal Charge
100%
Niveau 6 Normal Mimi-Queue
100%
Niveau 10 Plante Para-Spore
100%
Niveau 10 Plante Poudre Dodo
100%
Niveau 10 Poison Poudre Toxik
100%
Niveau 30 Vol Acrobatie
80%
Niveau 39 Insecte Demi-Tour
80%
Niveau 43 Plante Giga-Sangsue
80%
Niveau 24 Plante Méga-Sangsue
80%
Niveau 4 Plante Synthèse
80%
Niveau 15 Plante Synthèse
80%
Départ Normal Trempette
80%
Niveau 20 Plante Vampigraine
80%
Niveau 10 Fée Vent Féérique
80%
Niveau 12 Plante Balle Graine
60%
Niveau 49 Vol Rebond
60%
Niveau 55 Ténèbres Souvenir
60%
Départ Plante Vole-Vie
60%
Niveau 35 Plante Spore Coton
40%
Aucun quiz correspondant
Distribution des résultats
% des personnes avec chaque résultat
Percentile par nombre de réponses
Votre historique - résultats
Vous n’avez pas pris ce quiz depuis la dernière actualisation